If you love a mermaid tale / (Record no. 1200)

MARC details
000 -LEADER
fixed length control field 00773nam a22002177a 4500
005 - DATE AND TIME OF LATEST TRANSACTION
control field 20230926102537.0
020 ## - INTERNATIONAL STANDARD BOOK NUMBER
International Standard Book Number 9780764163203
040 ## - CATALOGING SOURCE
Original cataloging agency FISKH
Language of cataloging eng
Transcribing agency FISKH
Modifying agency FISKH
050 ## - LIBRARY OF CONGRESS CALL NUMBER
Classification number PZ7
082 ## - DEWEY DECIMAL CLASSIFICATION NUMBER
Classification number 398.2
100 ## - MAIN ENTRY--PERSONAL NAME
Personal name Pirotta, Saviour
245 ## - TITLE STATEMENT
Title If you love a mermaid tale /
Remainder of title The little mermaid and the magic shell
Statement of responsibility, etc. Illustrated by Susanna Lockheart
260 ## - PUBLICATION, DISTRIBUTION, ETC.
Place of publication, distribution, etc. Hauppauge :
Name of publisher, distributor, etc. Barron's Educational Series,
Date of publication, distribution, etc. 2010.
300 ## - PHYSICAL DESCRIPTION
Extent 27 unnumbered pages :
Other physical details color illustrations,
Dimensions 24 x 31 cm.
505 ## - FORMATTED CONTENTS NOTE
Formatted contents note H
520 ## - SUMMARY, ETC.
Summary, etc. Two captivating mermaid tales feature artist Susanna Lockheart's beautifully atmospheric and highly detailed color illustrations.
521 ## - TARGET AUDIENCE NOTE
Target audience note 530 <br/>
Source Lexile estimate
521 ## - TARGET AUDIENCE NOTE
Target audience note H <br/>
Source Raz-Plus estimate
942 ## - ADDED ENTRY ELEMENTS (KOHA)
Source of classification or shelving scheme Dewey Decimal Classification
Koha item type Books
Suppress in OPAC No
999 ## -
-- 1200
-- 1200
Holdings
Withdrawn status Lost status Source of classification or shelving scheme Damaged status Not for loan Collection Home library Current library Shelving location Date acquired Total Checkouts Full call number Barcode Date last seen Date last checked out Price effective from Koha item type
    Dewey Decimal Classification     Juvenile Fiction Footprints International School Library Network Toul Kork Campus Footprints International School Library Network Toul Kork Campus TK Primary Library Room(4th Floor), Bookcase 3&4, Shelves 17-32, Yellow Books 08/08/2023 2 PIR 398.2 PZ7 2023-0205 01/12/2024 01/05/2024 08/08/2023 Books